000
00313nam a2200121 4500
999
_c
8268
_d
8268
003
OSt
005
20201008162856.0
008
201008b ||||| |||| 00| 0 eng d
020
_a
9781564966216
082
_a
741.64
_b
SOL
245
_a
The society of publication designers 34th publication design annual
942
_2
ddc